MARC

LEADER 00000nam0a2200000 4500
001 261947
005 20231101233617.0
010 |a 5020137510 
020 |a RU  |b 88-41615 
035 |a (RuTPU)RU\TPU\book\284929 
090 |a 261947 
100 |a 20140528d1988 k a0rusy5003 ca 
101 0 |a rus 
102 |a RU 
105 |a y z 001zy 
200 1 |a Операторы Штурма - Лиувилля и Дирака  |f Б. М. Левитан, И. С. Саргсян 
210 |a Москва  |c Наука  |d 1988 
215 |a 431 с. 
320 |a Библиогр.: с. 423-428. 
320 |a Указ. имен. и предм.: с. 429-431. 
606 1 |a Операторы Дирака  |2 stltpush  |3 (RuTPU)RU\TPU\subj\47037  |9 66105 
606 1 |a Операторы Штурма-Лиувилля  |2 stltpush  |3 (RuTPU)RU\TPU\subj\47053  |9 66121 
610 1 |a спектральная теория 
610 1 |a спектры 
610 1 |a исследование 
610 1 |a асимптотика 
610 1 |a обратные задачи 
675 |a 517.98  |z rus 
700 1 |a Левитан  |b Б. М.  |g Борис Моисеевич  |4 070 
701 1 |a Саргсян  |b И. С.  |g Ишхан Сарибекович  |4 070 
801 0 |a RU  |b RuMRKP  |c 19950417  |g psbo 
801 1 |a RU  |b 63413507  |c 20140528 
801 2 |a RU  |b 63413507  |c 20150227  |g RCR 
942 |c BK